000
00285nam a2200109Ia 4500
008
180117s9999 xx 000 0 und d
245
_a
This week Arts and Culture
260
_c
2017
300
_a
16-18 pages, 2017 July 16
440
_a
Philippine Panorama
650
_a
ARTS AND CULTURE
999
_c
353329
_d
353329